|
|
|
|
| LEADER |
01459nam a2200349 a 4500 |
| 001 |
31973 |
| 003 |
BD-DhAAL |
| 005 |
20211115125923.0 |
| 008 |
170801t20092000nyua b 001 0 eng |
| 999 |
|
|
|c 38241
|d 38241
|
| 010 |
|
|
|a 99046245
|
| 020 |
|
|
|a 9780393732733
|
| 040 |
|
|
|a DLC
|c DLC
|d BD-DhAAL
|
| 050 |
0 |
0 |
|a E159
|b .T95 2000
|
| 082 |
0 |
0 |
|a 363.69
|2 21
|
| 100 |
1 |
|
|a Tyler, Norman.
|9 21943
|
| 245 |
1 |
0 |
|a Historic preservation :
|b an introduction to its history, principles, and practice /
|c Norman Tyler.
|
| 250 |
|
|
|a Second edition
|
| 260 |
|
|
|a New York :
|b W.W. Norton,
|c c2000.
|
| 300 |
|
|
|a 375 pages :
|b illustrations ;
|c 24 cm.
|
| 500 |
|
|
|a Rev. and updated ed. of: Issues of historic preservation. c1994.
|
| 504 |
|
|
|a Includes bibliographical references (p. 337-348) and index.
|
| 526 |
|
|
|a ARC
|
| 541 |
|
|
|e 31973
|
| 650 |
|
0 |
|a Historic preservation
|z United States.
|9 21944
|
| 650 |
|
0 |
|a Historic sites
|x Conservation and restoration
|z United States.
|9 21945
|
| 650 |
|
0 |
|a Historic buildings
|x Conservation and restoration
|z United States.
|9 21946
|
| 650 |
|
0 |
|a Architecture
|x Conservation and restoration
|z United States.
|9 21947
|
| 650 |
|
0 |
|a Architecture
|9 42659
|
| 700 |
1 |
|
|a Tyler, Norman.
|t Issues of historic preservation.
|9 21948
|
| 942 |
|
|
|2 ddc
|c BK
|
| 952 |
|
|
|0 0
|1 0
|2 ddc
|4 0
|6 363_690000000000000_TYL
|7 0
|9 60970
|a BRACUL
|b BRACUL
|c GEN
|d 2017-07-31
|e Development Book Agency
|g 2965.00
|l 0
|o 363.69 TYL
|p 3010031973
|r 2017-07-31
|t 1
|v 2965.00
|w 2017-07-31
|y BK
|